000 00837nam a22002777a 4500
003 CHAP
005 20220329134225.0
008 971013s1979 r 00010 d
010 _a17225
011 _a18197
035 _a22282
040 _cCHAP
090 _aFolleto 7127
100 0 0 _aJodha, N. S.
_961748
245 _aIntercropping in tradicional farming system
260 _aAndhra Prodish, India :
_bInternational Crops Research Institute for the Semi-Arid Tropics,
_c1979
300 _a22 p.
490 _aProgress report
_v; 3
590 _aBATCH-UPD
_b10
_c20130110
_lUCH01
_h2034
590 _aCONVERSION
_b10
_c20130109
_lUCH01
_h1311
650 1 4 _aCultivos asociados.
_930370
830 0 _aProgress report
_v; 3
_992387
901 _aBK
942 _cFOLL
949 _aFolleto 7127
_bBC
_cFOLL
_d-52172
_eTS1
_i22282
_mD
_si
999 _c17225
_d17225